000
00320nam a22001337a 4500
008
171002b xxu||||| |||| 00| 0 eng d
020
_a
9781557985378
041
_a
eng
080
_a
159.9
100
_a
48
101
_a
PSI
245
_a
ACTIVITIES HANDBOOK TEACHING PSYCHOLOGY
_c
BENJAMIN.L.T
942
_2
udc
_c
BK
999
_c
31214
_d
31214